| 000 | 00342 a2200109 4500 | ||
|---|---|---|---|
| 001 | ART_59255 | ||
| 005 | 20260410161812.0 | ||
| 008 | 260409a | ||
| 245 | 1 | 0 | _aTiempos de trastornos financieros y colapsos rápidos |
| 100 | 1 | _aFerro, Carlos A. | |
| 773 | 0 |
_tDoctrina Societaria y Concursal _g- N° 428 (jul. 2023) _wREV4298 |
|
| 999 |
_c21580 _d21580 |
||